| 000 | 00534nam a2200169Ia 4500 | ||
|---|---|---|---|
| 003 | OSt | ||
| 005 | 20210901104911.0 | ||
| 008 | 190216s9999||||xx |||||||||||||| ||und|| | ||
| 040 | _coclc | ||
| 082 |
_a297 _bALM/W |
||
| 100 |
_aAl Mahmud, Al Shaikh Abdullah Bin Zaid _98736 |
||
| 245 | 0 |
_aWajubul Imam Bikulli Ma Akhvara Bi Al Quran Min Muhjizati Ambiyah / _cAl Shaikh Abdullah Bin Zaid Al Mahmud |
|
| 260 | _bShivlal Agarwala, | ||
| 300 | _a14p | ||
| 650 | _aArabic | ||
| 942 |
_cBK _2ddc _h297 _iALM/W _k297 _mALM/W |
||
| 999 |
_c400 _d400 |
||